000 00797cam a22002531 4500
001 he 67001519
003 DLC
005 20260227111448.0
008 940903s1965 is d 000 0 heb
010 _ahe 67001519
025 _aPL480:Is-4611
035 _a(OCoLC)31051980
040 _aDLC
_cOrPS
_dDLC
041 1 _aheb
_hmul
042 _apremarc
050 0 0 _aPJ4843
_b.P49 1965
100 1 _aPines, Dan,
_d1900-1961.
245 1 0 _aMilon ʻamami loʻazi-ʻivri,
_cme-et Dan Pines.
260 _aTel Aviv,
_bAmiḥai,
_c[1965]
300 _a7 p., 658 columns.
_c25 cm.
500 _aAdded title: Popular dictionary of foreign words & experessions.
650 0 _aHebrew language
_xForeign words and phrases
_vDictionaries.
740 0 _aPopular dictionary of foreign words & expressions.
999 _c32534
_d32534